000 00569nam a22001937a 4500
008 150515b xxu||||| |||| 00| 0 eng d
020 _a9780078026720 (hard copy : alk. paper)
020 _a0078026725 (hard copy : alk. paper)
041 _aeng
080 _a316
100 1 _aSchaefer, Richard T.
245 1 0 _aSociology :
_cRichard T. Schaefer.
250 _aBotimi dhjetë
260 _aDubuque, Iowa :
_bMcGraw-Hill,
_cc2013.
300 _a470 f
_bme il
_c28 cm.
505 _aIndex:f. 452-470
650 0 _aSociologjia
942 _2udc
_cBK
999 _c761
_d761